<?xml version="1.0" encoding="UTF-8"?><?xml-stylesheet type="text/xsl" href="static/style.xsl"?><OAI-PMH xmlns="http://www.openarchives.org/OAI/2.0/" xmlns:xsi="http://www.w3.org/2001/XMLSchema-instance" xsi:schemaLocation="http://www.openarchives.org/OAI/2.0/ http://www.openarchives.org/OAI/2.0/OAI-PMH.xsd"><responseDate>2026-04-17T08:00:21Z</responseDate><request verb="GetRecord" identifier="oai:www.recercat.cat:2072/489295" metadataPrefix="marc">https://recercat.cat/oai/request</request><GetRecord><record><header><identifier>oai:recercat.cat:2072/489295</identifier><datestamp>2026-03-08T19:21:13Z</datestamp><setSpec>com_2072_98</setSpec><setSpec>col_2072_378193</setSpec></header><metadata><record xmlns="http://www.loc.gov/MARC21/slim" xmlns:dcterms="http://purl.org/dc/terms/" xmlns:xsi="http://www.w3.org/2001/XMLSchema-instance" xmlns:doc="http://www.lyncode.com/xoai" xsi:schemaLocation="http://www.loc.gov/MARC21/slim http://www.loc.gov/standards/marcxml/schema/MARC21slim.xsd">
   <leader>00925njm 22002777a 4500</leader>
   <datafield ind2=" " ind1=" " tag="042">
      <subfield code="a">dc</subfield>
   </datafield>
   <datafield ind2=" " ind1=" " tag="720">
      <subfield code="a">Tarabini-Castellani, Aina</subfield>
      <subfield code="e">author</subfield>
   </datafield>
   <datafield ind2=" " ind1=" " tag="720">
      <subfield code="a">Curran, Marta</subfield>
      <subfield code="e">author</subfield>
   </datafield>
   <datafield ind2=" " ind1=" " tag="260">
      <subfield code="c">2019</subfield>
   </datafield>
   <datafield ind2=" " ind1=" " tag="520">
      <subfield code="a">Des de fa alguns anys, potser ja massa anys, l'abandonament escolar prematur es manté com un dels principals reptes del nostre sistema educatiu. L'abandonament escolar prematur implica una pèrdua d'oportunitats per als joves i una pèrdua de potencial social i econòmic pel conjunt de la societat. A més, donat que les taxes d'abandonament són variables en funció de l'edat, l'origen o la situació socioeconòmica, es fa evident que ens trobem amb un problema d'equitat educativa. Aquesta Guia plateja les estratègies que es poden desplegar des de l'escala local. Mesures que han de tenir com a objectiu incidir positivament sobre els diferents nivells en què s'expressa i genera l'abandonament escolar prematur.</subfield>
   </datafield>
   <datafield ind1="8" ind2=" " tag="024">
      <subfield code="a">https://hdl.handle.net/2072/489295</subfield>
   </datafield>
   <datafield ind2="0" ind1="0" tag="245">
      <subfield code="a">Guies de política educativa local : estratègies municipals contra l'abandonament escolar prematur</subfield>
   </datafield>
</record></metadata></record></GetRecord></OAI-PMH>